LEADER 01923nam 2200397 n 450 001 996396248003316 005 20221108083006.0 035 $a(CKB)4330000000354294 035 $a(EEBO)2248588206 035 $a(UnM)99843137 035 $a(EXLCZ)994330000000354294 100 $a19910624d1580 uy | 101 0 $aeng 135 $aurbn||||a|bb| 200 02$aA perfite looking glasse for all estates$b[electronic resource] $emost excellently and eloquently set forth by the famous and learned oratour Isocrates, as contained in three orations of morall instructions, written by the authour himselfe at the first in the Greeke tongue, of late yeeres translated into Lataine by that learned clearke Hieronimus Wolfius. And nowe Englished to the behalfe of the reader, with sundrie examples and pithy sentences both of princes and philosophers gathered and collected out of diuers writers, coted in the margent approbating the authors intent, no lesse delectable then profitable 210 $aImprinted at London $cBy Thomas Purfoote, dwelling in Newgate Market, within the new rents, at the signe of the Lucrece$d1580 215 $a[12], 46 leaves 300 $aTranslator's dedication signed: Thomas Forrest. 300 $aThe orations are "To Demonicus", "To Nicocles", and "Nicocles". 300 $aReproduction of the original in the Henry E. Huntington Library and Art Gallery. 330 $aeebo-0113 606 $aConduct of life$vEarly works to 1900 606 $aKings and rulers$xDuties$vEarly works to 1800 615 0$aConduct of life 615 0$aKings and rulers$xDuties 700 $aIsocrates$0186464 702 $aIsocrates$4aut 702 $aIsocrates$4aut 801 0$bCu-RivES 801 1$bCu-RivES 801 2$bCStRLIN 801 2$bWaOLN 906 $aBOOK 912 $a996396248003316 996 $aA perfite looking glasse for all estates$92360028 997 $aUNISA LEADER 03607nam 2200757Ia 450 001 9911020128803321 005 20200520144314.0 010 $a9786612122385 010 $a9781282122383 010 $a128212238X 010 $a9780470514160 010 $a0470514167 010 $a9780470514177 010 $a0470514175 035 $a(CKB)1000000000377083 035 $a(EBL)470478 035 $a(SSID)ssj0000357190 035 $a(PQKBManifestationID)11266364 035 $a(PQKBTitleCode)TC0000357190 035 $a(PQKBWorkID)10358654 035 $a(PQKB)11363494 035 $a(MiAaPQ)EBC470478 035 $a(OCoLC)181173523 035 $a(Perlego)2752772 035 $a(EXLCZ)991000000000377083 100 $a19910624d1991 uy 0 101 0 $aeng 135 $aur|n|---||||| 181 $ctxt 182 $cc 183 $acr 200 00$aBiological asymmetry and handedness 210 $aChichester ;$aNew York $cWiley$d1991 215 $a1 online resource (340 p.) 225 1 $aCiba Foundation symposium ;$v162 300 $aEditors, Gregory R. Bock and Joan Marsh. 300 $aPapers presented at the Symposium on Biological Handedness and Symmetry, held at the Ciba Foundation, London, 20-22 Feb. 1991. 300 $a"A Wiley-Interscience publication." 311 08$a9780471929611 311 08$a0471929611 320 $aIncludes bibliographical references and indexes. 327 $aBIOLOGICAL ASYMMETRY AND HANDEDNESS; Contents; Introduction; Origins of the handedness of biological molecules; Macromolecular asymmetry; Asymmetry in protein structures; Bacterial motility:handedness and symmetry; lntracellular handedness in ciliates; Two types of bilateral symmetry in the Metazoa: chordate and bilaterian; Asymmetries during molluscan embryogenesis; Handed asymmetry, handedness reversal and mechanisms of cell fate determination in nematode embryos; Development of the left-right axis in amphibians; Development of handed body asymmetry in mammals 327 $aEstablishment of left-right asymmetry in vertebrates: genetically distinct steps are involvedAsymmetries of cerebral neuroanatomy; The asymmetrical genetic determination of Iaterality: flatfish, frogs and human handedness; The inheritance of left-handedness; Disturbance of morpho ogical laterality in humans; Laterality and motor control; Final general discussion; The evolution of human laterality; Summing-up; Index of contributors; Subject index 330 $aExamines the progress of leading scientists working on various aspects of handedness in order to consider the occurrence of handedness in the biological world. Provides in-depth coverage of the origin and development of morphological asymmetry occurring in most types of living organisms. 410 0$aCiba Foundation symposium ;$v162. 606 $aStereochemistry$vCongresses 606 $aLeft- and right-handedness$vCongresses 606 $aLaterality$vCongresses 606 $aMorphology (Animals)$vCongresses 606 $aEmbryology$vCongresses 615 0$aStereochemistry 615 0$aLeft- and right-handedness 615 0$aLaterality 615 0$aMorphology (Animals) 615 0$aEmbryology 676 $a591.4 701 $aBock$b Gregory$0322650 701 $aMarsh$b Joan$091633 712 12$aSymposium on Biological Handedness and Symmetry$f(1991 :$eCiba Foundation) 801 0$bMiAaPQ 801 1$bMiAaPQ 801 2$bMiAaPQ 906 $aBOOK 912 $a9911020128803321 996 $aBiological asymmetry and handedness$94417090 997 $aUNINA